Estatísticas para Quiz da família Weasley

Clique aqui para jogar o quiz

Estatísticas Gerais

  • Esse quiz foi jogado 44 vezes
  • A pontuação média é 7 de 9

Estatísticas das Respostas

Resposta% Correto
Rony Weasley
95%
Fred Weasley
93%
Gina Weasley
88%
Jorge Weasley
83%
Arthur Weasley
76%
Molly Weasley
74%
Carlinhos Weasley
71%
Percy Weasley
67%
Gui Weasley
64%

Distribuição das Pontuações

Percentil de Números Respondidos

Porcentagem de Pessoas com Cada Pontuação

Sua Pontuação Histórica

Você não jogou esse quiz